000 01058nas a2200361 4500
001 BR2010005434
003 BR-BrBNA
005 20231205114811.0
007 ta
008 230509b bl.|||p| |||| 00| 00por d
040 _aBR-BrBNA
_bpor
_cBiblioteca Nacional de Agricultura
041 _a(Pt)
072 _aL70
100 1 _aVerruma-Bernardi, M.R.
100 1 _aBarros, C. de S.
100 1 _aDias, S. da S.
100 1 _aTonhati, H.
100 1 _aGuzmán-Silva, M.A.
100 1 _aAraújo, K.G. de L.
100 1 _aBoaventura, G.T.
245 1 _aEfeito do consumo do queijo mozzarella de leite de búfala no perfil nutricional e sérico de ratos
650 _aLEITE
650 _aBÚFALA
650 _aBIOQUÍMICA
650 _aQUEIJO
650 _aMOZARELA
650 _aRATO BRANCO
650 _aLABORATÓRIO
650 _aVALOR NUTRITIVO
773 0 _tAlimentos e Nutrição (Brazil)
_xISSN 0103-4235
_g(Jul-Sep 2009), v. 20(3) p. 457-462
_wBR2010005434
909 _a202311
_bLúcia
_c55
_dLúcia Elande
942 _2AGRIS
_n0
_cANA
999 _c210562
_d210562